00703nam a2200217Ia 4500003000900000008004100009020001800050040001600068080002200084100002200106245007400128260004200202300001400244650004100258650002400299650001800323650002400341942000700365999001500372952009800387IN-BaIIA211028s9999 xx 000 0 eng d a90-277-1280-8 cIIA Library a082.2:52bIAU-S95 aSieber, W.911855 0aPulsarscW. Sieber  aDordrechtbD. Reidel Publishingc1981 axv, 475p. aAstronomy and Astrophysics thesaurus aNeutron stars97729 aPulsars97214 aRadio sources93666 cBK c6919d6919 00104070aBANbBANcGENd1981-11-02l0o082.2:52/ IAU-S95p7693r2021-11-05w1981-11-02yBK